Normal view
MARC view
Entry Personal Name
001 - CONTROL NUMBER
- control field: 257101
003 - CONTROL NUMBER IDENTIFIER
- control field: St Aloysius Coll
005 - DATE AND TIME OF LATEST TRANSACTION
- control field: 20260227160849.0
008 - FIXED-LENGTH DATA ELEMENTS
- fixed length control field: 260227|| aca||aabn | a|a d
040 ## - CATALOGING SOURCE
- Original cataloging agency: St Aloysius Coll
- Transcribing agency: St Aloysius Coll
100 ## - HEADING--PERSONAL NAME
- Personal name: Lewis, Neil Jr
670 ## - SOURCE DATA FOUND
- Source citation: Work cat.: (St Aloysius Coll)240964: Elliot Aronson 257096, Social Psychology, 2025